000 00473nam a2200181Ia 4500
003 LK-CoDNM
008 010623t2002 xxu||||| |||| 00| 1 sin d
040 _aLK-CoDNM
_dLK-CoDNM
_eLK-CoDNM
041 _asin
080 _a343.9
_bSRT
100 _aSarathchandra,W.A
245 _aඅපරාධ විද්‍යාව
246 _aAparada Vidyawa
260 _bS.Godage Saha Sahodarayo
_aColombo
_c2002
300 _bp.99, 21 cm
650 _aScience
942 _cBK
999 _c121873
_d121873